Blockchain technology explained / (Record no. 10335)
[ view plain ]
| 000 -LEADER | |
|---|---|
| fixed length control field | 00823cam a22002658i 4500 |
| 003 - CONTROL NUMBER IDENTIFIER | |
| control field | IMU CC |
| 005 - DATE AND TIME OF LATEST TRANSACTION | |
| control field | 20260223100131.0 |
| 007 - PHYSICAL DESCRIPTION FIXED FIELD--GENERAL INFORMATION | |
| fixed length control field | cr_||||||||||| |
| 008 - FIXED-LENGTH DATA ELEMENTS--GENERAL INFORMATION | |
| fixed length control field | 190403s2019 nyu ob 001 0 eng |
| 020 ## - INTERNATIONAL STANDARD BOOK NUMBER | |
| International Standard Book Number | 9781981522026 |
| 040 ## - CATALOGING SOURCE | |
| Original cataloging agency | IMU CC |
| Language of cataloging | eng |
| Description conventions | rda |
| 041 0# - LANGUAGE CODE | |
| Language code of text/sound track or separate title | eng |
| 082 00 - DEWEY DECIMAL CLASSIFICATION NUMBER | |
| Edition number | 23 |
| Classification number | 005.74 |
| Item number | NOR |
| 100 ## - MAIN ENTRY--PERSONAL NAME | |
| Personal name | Norman, Alan T. |
| 9 (RLIN) | 4425 |
| 245 00 - TITLE STATEMENT | |
| Title | Blockchain technology explained / |
| Statement of responsibility, etc. | Alan T Norman |
| 260 ## - PUBLICATION, DISTRIBUTION, ETC. | |
| Place of publication, distribution, etc. | Dunstable: |
| Name of publisher, distributor, etc. | Create Space, |
| Date of publication, distribution, etc. | 2017. |
| 300 ## - PHYSICAL DESCRIPTION | |
| Extent | 125 p.; |
| Dimensions | 23 cm. |
| 336 ## - CONTENT TYPE | |
| Content type term | text |
| Content type code | txt |
| Source | rdacontent |
| 650 #0 - SUBJECT ADDED ENTRY--TOPICAL TERM | |
| Topical term or geographic name entry element | Blockchains (Databases) |
| General subdivision | Industrial applications. |
| 9 (RLIN) | 4426 |
| 650 #0 - SUBJECT ADDED ENTRY--TOPICAL TERM | |
| Topical term or geographic name entry element | Blockchains (Databases) |
| General subdivision | Economic aspects. |
| 9 (RLIN) | 4427 |
| 650 #0 - SUBJECT ADDED ENTRY--TOPICAL TERM | |
| Topical term or geographic name entry element | Real estate business |
| General subdivision | Data processing. |
| 9 (RLIN) | 4428 |
| 650 #0 - SUBJECT ADDED ENTRY--TOPICAL TERM | |
| Topical term or geographic name entry element | Public administration |
| General subdivision | Data processing. |
| 9 (RLIN) | 4429 |
| 856 ## - ELECTRONIC LOCATION AND ACCESS | |
| Link text | BK |
| 942 ## - ADDED ENTRY ELEMENTS (KOHA) | |
| Koha item type | Books |
| Source of classification or shelving scheme | Dewey Decimal Classification |
| Withdrawn status | Lost status | Source of classification or shelving scheme | Damaged status | Not for loan | Home library | Current library | Shelving location | Date acquired | Source of acquisition | Cost, normal purchase price | Total Checkouts | Full call number | Barcode | Date last seen | Price effective from | Koha item type | Date due | Date last checked out |
|---|---|---|---|---|---|---|---|---|---|---|---|---|---|---|---|---|---|---|
| Dewey Decimal Classification | IMU Chennai Uthandi Library | IMU Chennai Uthandi Library | General Stacks | 03/11/2025 | M/s. T V Enterprises; 414/25-26 Dt.13.10.2025 | 1732.00 | 005.74 NOR | 24054 | 03/11/2025 | 03/11/2025 | Books | |||||||
| Dewey Decimal Classification | IMU Chennai Uthandi Library | IMU Chennai Uthandi Library | General Stacks | 03/11/2025 | M/s. T V Enterprises; 414/25-26 Dt.13.10.2025 | 1732.00 | 3 | 005.74 NOR | 24055 | 11/05/2026 | 03/11/2025 | Books | 10/06/2026 | 11/05/2026 | ||||
| Dewey Decimal Classification | IMU Chennai Uthandi Library | IMU Chennai Uthandi Library | General Stacks | 03/11/2025 | M/s. T V Enterprises; 414/25-26 Dt.13.10.2025 | 1732.00 | 005.74 NOR | 24056 | 03/11/2025 | 03/11/2025 | Books | |||||||
| Dewey Decimal Classification | IMU Chennai Uthandi Library | IMU Chennai Uthandi Library | General Stacks | 03/11/2025 | M/s. T V Enterprises; 414/25-26 Dt.13.10.2025 | 1732.00 | 005.74 NOR | 24057 | 03/11/2025 | 03/11/2025 | Books | |||||||
| Dewey Decimal Classification | IMU Chennai Uthandi Library | IMU Chennai Uthandi Library | General Stacks | 03/11/2025 | M/s. T V Enterprises; 414/25-26 Dt.13.10.2025 | 1732.00 | 005.74 NOR | 24058 | 03/11/2025 | 03/11/2025 | Books | |||||||
| Dewey Decimal Classification | IMU Chennai Uthandi Library | IMU Chennai Uthandi Library | General Stacks | 03/11/2025 | M/s. T V Enterprises; 414/25-26 Dt.13.10.2025 | 1732.00 | 005.74 NOR | 24059 | 03/11/2025 | 03/11/2025 | Books | |||||||
| Dewey Decimal Classification | IMU Chennai Uthandi Library | IMU Chennai Uthandi Library | General Stacks | 03/11/2025 | M/s. T V Enterprises; 414/25-26 Dt.13.10.2025 | 1732.00 | 1 | 005.74 NOR | 24060 | 10/03/2026 | 03/11/2025 | Books | 07/08/2026 | 10/03/2026 | ||||
| Dewey Decimal Classification | IMU Chennai Uthandi Library | IMU Chennai Uthandi Library | General Stacks | 03/11/2025 | M/s. T V Enterprises; 414/25-26 Dt.13.10.2025 | 1732.00 | 005.74 NOR | 24061 | 03/11/2025 | 03/11/2025 | Books | |||||||
| Dewey Decimal Classification | IMU Chennai Uthandi Library | IMU Chennai Uthandi Library | General Stacks | 03/11/2025 | M/s. T V Enterprises; 414/25-26 Dt.13.10.2025 | 1732.00 | 005.74 NOR | 24062 | 03/11/2025 | 03/11/2025 | Books | |||||||
| Dewey Decimal Classification | IMU Chennai Uthandi Library | IMU Chennai Uthandi Library | General Stacks | 03/11/2025 | M/s. T V Enterprises; 414/25-26 Dt.13.10.2025 | 1732.00 | 005.74 NOR | 24063 | 03/11/2025 | 03/11/2025 | Books |